000 00595nam a22002417a 4500
003 UA-OsUOA
001 72357
007 ta
008 20110111b un ||||| |||| 00| 0 ukr d
100 _aВарламов А.
090 _a821.161.1
_bВ18
942 _cBK
040 _aUA-OsUOA
_brus
_cUA-OsUOA
_dUA-OsUOA
245 _aКупол
300 _a320 с.
955 _a2
041 _arus
080 _a821.161.1
020 _a978-5-699-31932-9
260 _aМ.
_bЭксмо
_c2009
650 7 _a82 Література. Літературознавство
_2UDC
999 _c358641
_d358641